[Event "Valby K41 Autumn-B"]
[Site "Valby"]
[Date "2006.10.24"]
[Round "6"]
[White "Hansen, Henrik Ingemann"]
[Black "Sorensen, Hans Erik Them"]
[Result "1/2-1/2"]
[WhiteElo "1677"]
[BlackElo "1537"]
[PlyCount "52"]
[EventDate "2006.09.12"]
[EventType "tourn"]
[EventRounds "7"]
[EventCountry "DEN"]
[SourceTitle "EXT 2023"]
[Source "ChessBase"]
[SourceDate "2022.10.05"]
[SourceVersion "1"]
[SourceVersionDate "2022.10.05"]
[SourceQuality "1"]

1. e4 d5 2. exd5 Qxd5 3. Nc3 Qa5 4. d4 Nf6 5. Bd2 c6 6. Ne4 Qf5 7. Nxf6+ Qxf6 8. Nf3 Bg4 9. c3 Bxf3 10. gxf3 e6 11. Be2 Nd7 12. Qb3 b6 13. f4 Bd6 14. Bf3 Rc8 15. Qa4 Rc7 16. Bxc6 Bxf4 17. Bxf4 Qxf4 18. 0-0 Qd6 19. d5 0-0 20. Bxd7 Qxd7 21. Qxd7 Rxd7 22. dxe6 fxe6 23. Rae1 Rd2 24. Rxe6 Rxb2 25. a4 Ra2 26. Re4 Rf3 1/2-1/2

[Event "Valby K41 Autumn-B"]
[Site "Valby"]
[Date "2006.09.12"]
[Round "1"]
[White "Hansen, Henrik Ingemann"]
[Black "Frederiksen, Alan"]
[Result "0-1"]
[WhiteElo "1677"]
[BlackElo "1611"]
[PlyCount "136"]
[EventDate "2006.09.12"]
[EventType "tourn"]
[EventRounds "7"]
[EventCountry "DEN"]
[SourceTitle "EXT 2023"]
[Source "ChessBase"]
[SourceDate "2022.10.05"]
[SourceVersion "1"]
[SourceVersionDate "2022.10.05"]
[SourceQuality "1"]

1. e4 d5 2. exd5 Qxd5 3. Nc3 Qd6 4. Bc4 Nf6 5. Nf3 Bg4 6. d3 e6 7. Nb5 Qc6 8. Bf4 Bd6 9. Bxd6 cxd6 10. Qe2 0-0 11. Nbd4 Qb6 12. 0-0 Nc6 13. Nxc6 Qxc6 14. h3 Bxf3 15. gxf3 d5 16. Bb3 Qd6 17. Rfe1 Nh5 18. Qe5 Qxe5 19. Rxe5 g6 20. Kh2 Kg7 21. Rg1 Kf6 22. Re3 Kf5 23. d4 b5 24. Re5+ Kf6 25. c3 a5 26. Rg4 a4 27. Bd1 a3 28. bxa3 Rxa3 29. Bb3 Rc8 30. Re3 Ng7 31. Rg1 Nf5 32. Rd3 Ra7 33. Ra1 Rac7 34. Rc1 b4 35. Kg1 Rxc3 36. Rdxc3 Rxc3 37. Re1 Nxd4 38. Bd1 Rd3 39. Kg2 Nf5 40. Bb3 Rd2 41. Rc1 Nd4 42. Rb1 Nxb3 43. Rxb3 Rxa2 44. Rxb4 Rc2 45. Kg3 Rc4 46. Rb7 h5 47. h4 Rc5 48. Kf4 e5+ 49. Kg3 Ke6 50. Rb6+ Kf5 51. Rb7 f6 52. Rb4 d4 53. Rb6 Rd5 54. Rb2 d3 55. Rd2 Rd4 56. Kh3 Kf4 57. Kg2 g5 58. hxg5 fxg5 59. Ra2 g4 60. fxg4 hxg4 61. Rd2 e4 62. Kf1 Kf3 63. Ke1 Ra4 64. Rd1 Ra2 65. Kf1 Rxf2+ 66. Kg1 d2 67. Kh1 Re2 68. Rf1+ Ke3 0-1